000
00305nam a22001217a 4500
008
230703b xxu||||| |||| 00| 0 eng d
082
_a
346.013
_b
NCSK
100
_c
NCSK
245
_a
1992 State Legislative Summary: Children, Youth and Family Issues
260
_b
NCSK
300
_a
150p
942
_2
ddc
_c
BK
999
_c
3530
_d
3530